000
00322nam a22001337a 4500
020
_a
9789380578965
082
_a
621.815
_b
PAT/MA
100
_a
Patil H.G
245
_a
Machine design: Data handbook
250
_a
1
260
_a
New Delhi
_b
I.K International Publishing House Pvt.Ltd
_c
2011
300
_a
386
942
_c
BK
999
_c
13614
_d
13614